| 000 | 00905cad a22001935a 4500 | ||
|---|---|---|---|
| 001 | L144876 | ||
| 008 | 080815s2008 xxk f 000 0 eng d | ||
| 035 | _a(Sirsi) u144876 | ||
| 041 | 0 | _aeng | |
| 050 | 0 | 4 | _a333.32 $2 22 |
| 110 | 2 |
_aRoyal Institution of Chartered Surveyors _94900 |
|
| 245 | 0 | 0 |
_aExposure draft _bconflicts of interest |
| 260 |
_aLondon _bRICS _c2008 |
||
| 520 | _aThis consultation document seeks to address concerns raised in the 2007 consultation round about the advice in identifying, and dealing with, potential or actual conflicts of interest. Consequently, the proposed Appendix 4.4 to the Red Book on commercial secured lending has been revised and published as an exposure draft. The closing date for comments is 31 October 2008. | ||
| 590 | _aKA | ||
| 651 | 4 | _aInternational | |
| 690 | _aABOUT RICS-RICS PROFESSIONAL REGULATION AND CONSUMER PROTECTION | ||
| 942 |
_n0 _2ddc |
||
| 999 |
_c108641 _d108641 |
||